Význam pojištění velkých přírodných katastrof
Najväčšie poistné škody v roku 2004. Podrobnosti o prírodnej katastrofe. Ľuské obete vz. poistenie.
Gespeichert in:
| 1. Verfasser: | |
|---|---|
| Format: | Buchkapitel |
| Sprache: | Tschechisch |
| Schlagworte: | |
| Tags: |
Keine Tags, Fügen Sie das erste Tag hinzu!
|
MARC
| LEADER | 00000naa$a2200000$$$4500 | ||
|---|---|---|---|
| 001 | 0035309 | ||
| 005 | 20231010085538.1 | ||
| 041 | 0 | |a cze | |
| 044 | |a CZ | ||
| 245 | 1 | 0 | |a Význam pojištění velkých přírodných katastrof |c Michal Škorpil |
| 520 | |a Najväčšie poistné škody v roku 2004. Podrobnosti o prírodnej katastrofe. Ľuské obete vz. poistenie. | ||
| 610 | 2 | 0 | |a poistenie |
| 610 | 2 | 0 | |a udalosti poistné |
| 610 | 2 | 0 | |a príroda |
| 610 | 2 | 0 | |a 2004 |
| 100 | 1 | |a Škorpil, Michal | |